000 00885nam a2200229Ia 4500
999 _c41533
_d41533
001 8200
003 GE_BSU
005 20221005095815.0
008 181216s1974ge xx |||||||||||||| ||geo||
040 _cGE_BSU
041 _ageo
080 _a821.353.1-32 დ-90
100 _aდუმბაძე, ნოდარ.
_91321
245 _aმზე: მოთხრობები /
_cნოდარ დუმბაძე, რედ. გრ. ჩიქოვანი, მხატვ. ე.ბურჯანაძე.
264 _aთბილისი :
_bმერანი,
_c1974.
300 _a132 გვ;
_c16 სმ.
653 _aმზე
653 _aმოთხრობები
700 _aჩიქოვანი, გრ.
_eრედაქტორი
_93717
700 _aბურჯანაძე, ე
_eმხატვარი
_94104
942 _cBK
_2udc